| 000 | 01213nam a2200253Ia 4500 | ||
|---|---|---|---|
| 999 |
_c40591 _d40591 |
||
| 001 | 7216 | ||
| 003 | GE_BSU | ||
| 005 | 20230908160827.0 | ||
| 008 | 181216s2008||||ge |||||||||||||| ||geo|| | ||
| 020 | _a9789992842331 | ||
| 040 | _cGE_BSU | ||
| 041 | _ageo | ||
| 080 | _a821-32 | ||
| 245 |
_aმსოფლიო ლიტერატურა : _bრჩეული მოთხრობები ტ.4 / _c[ავტ.-შემდგ. : გია მურღულია, ბეგო ბეჟუაშვილი] ; გამოც. მთავარ. რედ. : ბეგო ბეჟუაშვილი. |
||
| 264 |
_aთბილისი : _bდია, _c2008. |
||
| 300 |
_a360 გვ. : _bილ. ; _c22 სმ. |
||
| 541 | _h12ლ. | ||
| 653 | _aმსოფლიო ლიტერატურა | ||
| 653 | _aუცხოური ლიტერატურა | ||
| 653 | _aთარგმანები ქართულ ენაზე | ||
| 700 |
_aმურღულია, გია _eავტორ-შემდგენელი _919792 |
||
| 700 |
_aბეჟუაშვილი, ბეგო _eავტორ-შემდგენელი _919787 |
||
| 942 |
_cBK _2udc |
||